| 000 | 00345nam a22001337a 4500 | ||
|---|---|---|---|
| 999 |
_c5120 _d5120 |
||
| 008 | 250625b ||||| |||| 00| 0 eng d | ||
| 020 | _a9781683424574 | ||
| 082 | _a575.5 KLE | ||
| 100 |
_aKLEPEIS,ALICIA _eAUTHOR |
||
| 245 | _aROOTS | ||
| 260 | _bROURKE EDUCATIONAL MEDIA | ||
| 300 |
_a24 PAGES _bCOLOUR ILLUSTRATION _c18 cm X 27 cm |
||
| 942 | _2ddc | ||